| 000 | 00622nam a2200169 a 4500 | ||
|---|---|---|---|
| 001 | 4517 | ||
| 003 | CDMR | ||
| 005 | 20130320111203.0 | ||
| 008 | 130130s2007||||||||||||||||||||||||||||d | ||
| 020 | _a9788439375708 | ||
| 040 |
_aCDMR _bcat _cCPC GIRONA |
||
| 110 |
_91064 _aCatalunya _b -- Generalitat |
||
| 245 | 0 |
_aEntre l'hospici i l'hospital _b: evolució urbanística d'un sector de Girona _cLluís Palahí i J.M. Nolla (coordinadors) |
|
| 260 |
_c2007 _bDepartament de Cultura i Mitjans de Comunicació de la Generalitat _aBarcelona |
||
| 490 | 0 |
_aMemòries d'intervencions arquiològiques a Catalunya _v19 |
|
| 942 |
_cMON _2ddc |
||
| 999 |
_c4517 _d4517 |
||